00276nam a2200121Ia 4500008004100000082001600041100002100057245002700078250000800105260002500113300000800138650000800146191201s2003 xx 000 0 und d a658.18bHII aHILL,Charles W.L 0aInternational Business a4th aN.DelhibIrwinc2003 a703 aMBA